Ownership management and alienation:tribal land in northeast India (Record no. 215919)
[ view plain ]
| 000 -LEADER | |
|---|---|
| fixed length control field | 00614nam a2200181Ia 4500 |
| 008 - FIXED-LENGTH DATA ELEMENTS--GENERAL INFORMATION | |
| fixed length control field | 210719s2019 xx 000 0 und d |
| 020 ## - INTERNATIONAL STANDARD BOOK NUMBER | |
| International Standard Book Number | 978-81-938785-4-5 |
| 041 ## - LANGUAGE CODE | |
| Language code of text/sound track or separate title | eng |
| 082 ## - DEWEY DECIMAL CLASSIFICATION NUMBER | |
| Classification number | 307.7 FERO |
| 100 ## - MAIN ENTRY--PERSONAL NAME | |
| Personal name | FERNANDES (Walter);BARUAH (Joydeep);MILLIK (Augustin) |
| 245 ## - TITLE STATEMENT | |
| Title | Ownership management and alienation:tribal land in northeast India |
| 260 ## - PUBLICATION, DISTRIBUTION, ETC. | |
| Place of publication, distribution, etc. | Guwahati |
| Name of publisher, distributor, etc. | North Eastern Social Research Centre |
| Date of publication, distribution, etc. | 2019 |
| 300 ## - PHYSICAL DESCRIPTION | |
| Extent | 174 |
| Other physical details | PB |
| 365 ## - TRADE PRICE | |
| Price amount | 150 |
| Currency code | Rs |
| 650 ## - SUBJECT ADDED ENTRY--TOPICAL TERM | |
| Topical term or geographic name entry element | Rural Sociology |
| 650 ## - SUBJECT ADDED ENTRY--TOPICAL TERM | |
| Topical term or geographic name entry element | Tribal Communities |
| 906 ## - LOCAL DATA ELEMENT F, LDF (RLIN) | |
| a | alienation:tribal ; India ; land ; management ; northeast ; Ownership |
| Withdrawn status | Lost status | Damaged status | Not for loan | Collection code | Home library | Current library | Date acquired | Source of acquisition | Cost, normal purchase price | Total Checkouts | Full call number | Barcode | Date last seen | Date last checked out | Price effective from | Koha item type |
|---|---|---|---|---|---|---|---|---|---|---|---|---|---|---|---|---|
| St Aloysius Library | St Aloysius Library | 03/14/2020 | General Annual | North Eastern Social Resaerch Centre | 150.00 | 2 | 307.7 FERO | D04554 | 07/15/2025 | 07/07/2025 | 07/19/2021 | Donated Books |